|
|
|
|
| LEADER |
00000cam a2200000 7i4500 |
| 001 |
0000003877 |
| 005 |
20110803.0 |
| 020 |
0 |
0 |
|a 9789678921060
|
| 090 |
0 |
0 |
|a R 354.595007
|b MAL 2011
|
| 110 |
1 |
0 |
|a MALAYSIA
|
| 245 |
1 |
0 |
|a Pekeliling Kemajuan Pentadbiran Awam (Sejak 1991)
|c disusun oleh Lembaga Penyelidikan Undang-Undang
|
| 260 |
0 |
0 |
|a Petaling Jaya, Selangor :
|b International Law Book Services ,
|c 2011
|
| 300 |
|
|
|a 826 p. :
|b ill. ;
|c 24 cm.
|
| 440 |
0 |
0 |
|a Undang-undang Malaysia
|
| 650 |
0 |
0 |
|a Civil service
|z Malaysia
|
| 650 |
0 |
0 |
|a Public administration
|z Malaysia
|
| 998 |
|
|
|a JPSM
|
| 999 |
|
|
|a 007664
|b Monograph
|c Reference
|e Default branch
|